00847nac a22002291u 4500010001600000020001500016082001500031090001500046100003400061245004500095260004300140300003300183500002000216650001700236650002800253650002600281856008600307856007400393942001700467999001500484952011800499 a 00265885 a075064235100a620bB6943 c4074d4074 aBolton, W. 10aHigher engineering science /cW. Bolton. aOxford ;aBoston :bNewnes,1999c1999. axi, 275 p. :bill. ;c25 cm. aIncludes index. 0aEngineering. 0aMechanical engineering. 0aElectric engineering.423Publisher descriptionuhttp://www.loc.gov/catdir/description/els031/00265885.html423Table of contentsuhttp://www.loc.gov/catdir/toc/els031/00265885.html cBBk620B6943 c4074d4074 00104070aMAINbMAINc1STd2007-08-19ePurchasel20m2o620 BOLp000000025r2025-07-15 00:00:00s2024-12-02yBB